| 000 | 01672nam a2200301 a 4500 | ||
|---|---|---|---|
| 001 | 000285935 | ||
| 003 | AM-YeHGA | ||
| 005 | 20260320111517.0 | ||
| 008 | 031120s1964 ai ||||gr|||||||||0|arm|d | ||
| 040 | _aAM-YeHGA | ||
| 041 | 0 | _aarm | |
| 100 | 1 |
_aԽուրշուդյան, Լենդրուշ Արշակի, _d1927-1999 _91238 |
|
| 245 | 1 | 0 |
_aՍփյուռքահայ կուսակցությունները ժամանակակից էտապում = _bАрмянские зарубежные партии на современном этапе : [Մենագրություն] / _cԼ.Ա. Խուրշուդյան; Խմբ.՝ Վ.Ա. Միքայելյան; ՀՍՍՌ ԳԱ, Պատմ. ին-տ. |
| 246 | 3 | 1 | _aАрмянские зарубежные партии на современном этапе |
| 260 |
_aԵրևան : _bՀՍՍՌ ԳԱ հրատ., _c1964. |
||
| 300 |
_a470 էջ ; _c22 սմ. |
||
| 500 | _aԱնձնանունների և տեղանունների ցանկեր՝ էջ 461-468 | ||
| 504 | _aՕգտագործված աղբյուրների ցանկ, էջ՝ 451-459 | ||
| 520 | 0 | _aԱմփոփումը ռուս. և անգլ. լեզուներով, էջ՝ 436-450 | |
| 650 | 1 | 4 | _aՔաղաքականություն |
| 650 | 1 | 4 | _aԿուսակցություններ |
| 653 | 0 | _aՀայ հեղափոխական դաշնակցություն | |
| 653 | 0 | _aՌամկավար ազատական կուսակցություն | |
| 653 | 0 | _aՀնչակյան կուսակցություն | |
| 710 | 2 | _aՊատմության ինստիտուտ ՀՍՍՌ ԳԱ | |
| 856 | 4 | 1 |
_uhttps://arar.sci.am/dlibra/publication/460874/edition/427823/content _yԿարդալ առցանց |
| 942 |
_2udc _cBK |
||
| 999 |
_c104763 _d104763 |
||